Stockholms stadsdelsområden på kartan - Statistics

General Stats
  • This quiz has been taken 357 times
  • The average score is 7 of 13
Answers on the Map
Answers color-coded by a green-red scale on the quiz's map according to % correct below.
 
Answer Stats
Answer % Correct
Södermalm
74%
Östermalm
72%
Bromma
68%
Norrmalm
66%
Kungsholmen
61%
Hässelby-Vällingby
56%
Rinkeby-Kista
55%
Enskede-Årsta-Vantör
51%
Skärholmen
51%
Spånga-Tensta
51%
Farsta
48%
Hägersten-Älvsjö
47%
Skarpnäck
44%
No matching quizzes found
Score Distribution
Percent of People with Each Score
Percentile by Number Answered
Your Score History
You have not taken this quiz